Amoureux De Paname - Renaud (album) - Statistiques

Statistiques générales
  • Ce quiz a été pris 13 fois
  • Le résultat moyen est 7 sur 13
Statistiques - réponses
Réponse % Correct
Amoureux de Paname
85%
Hexagone
77%
Petite fille des sombres rues
69%
Société tu m'auras pas
69%
Le gringalet
54%
Greta
46%
La java sans joie
46%
Rita
46%
Camarade bourgeois
38%
Écoutez-moi les gavroches
38%
La menthe à l'eau
38%
Gueule d'aminche
31%
La Coupole
31%
Aucun quiz correspondant
Distribution des résultats
% des personnes avec chaque résultat
Percentile par nombre de réponses
Votre historique - résultats
Vous n’avez pas pris ce quiz